| 000 | 01102cam a2200325 a 4500 | ||
|---|---|---|---|
| 001 | 1198806 | ||
| 003 | NUST | ||
| 005 | 20220619145015.0 | ||
| 008 | 980605s1998 txu 000 1 eng | ||
| 010 | _a 98028335 | ||
| 020 | _z1558852473 (trade pbk. : alk. paper) | ||
| 038 | _aArshad | ||
| 040 |
_aDLC _cDLC _dDLC |
||
| 043 |
_an-us-fl _anwcu--- |
||
| 050 | 0 | 0 |
_aPS3566.U35 _bW6 1998 |
| 082 | 0 | 0 |
_a813.54 _bZAL |
| 100 | 2 |
_aPuig Zaldívar, Raquel. _98078 |
|
| 245 | 1 | 0 |
_aWomen don't need to write / _cRaquel Puig Zaldívar. |
| 260 |
_aHouston, Tex. : _bArte Público Press, _c1998. |
||
| 300 |
_a378 p. ; _c22 cm. |
||
| 650 | 0 |
_aCuban American families _vFiction. _98079 |
|
| 650 | 0 |
_aCuban Americans _vFiction. _98080 |
|
| 650 | 0 |
_aOlder women _vFiction. _98081 |
|
| 651 | 0 |
_aMiami (Fla.) _vFiction. _98082 |
|
| 655 | 7 |
_aDomestic fiction. _2lcsh |
|
| 906 |
_a7 _bcbc _corignew _d1 _eocip _f19 _gy-gencatlg |
||
| 942 |
_2ddc _cBK |
||
| 999 |
_c590158 _d590158 |
||